00573nam a2200217Ia 4500008004100000020001800041050001800059050001400077100002200091245003500113245005200148250001600200260001600216260003400232260000900266300001600275300002000291300001100311500002000322650001300342180523s9999 xx 000 0 und d a981-244-880-2 aMAIN QA 154.2 b.L53 2005 aLial, Margaret L. 0aAlgebra for college students / 0cMargaret L. Lial, John Hornsby, Terry McGinnis. a9th Edition aSingapore : bPearson Education South Asia, c2005 a800 pages : billustrations ; c25 cm. aIncludes index. aAlgebra.